00409nam a2200121 a 45000010005000000030005000050050017000100080041000270400026000681000025000942450103001192600065002223348CDMR20130116135243.0130130s1993||||||||||||||||||||||||||||d aCDMRbcatcCPC GIRONA1 aFerrer Forns, August10aRelaciones Públicas, Empresa y SociedadbUna apuesta por la comunicacióncFerrer Forns, August c1993bEscuela Superior de Relaciones Públicas de Barcelona